Language Quiz

Random Language or Latin Quiz
Score 0/20 Timer 05:00
3 Plays Today
Question Answer Wrong Answers
Which language has bought the farm? Hittite
73.5%
Burmese
3.3%
Swedish
1.3%
Tamil
6.1%
Which language is dead? Umbrian
66.1%
Hmong
13.7%
Somali
2.1%
Oromo
18%
Which language has cashed in the chips? Latin
63.2%
Chechen
4%
Hiligaynon
16.5%
Yue
7.2%
Which language is taking a dirt nap? Celtiberian
61.2%
Mandinka
15.3%
Belarusian
3.3%
Bengali
2.4%
Which language has joined the choir invisible? Ge'ez
60.8%
Faroese
13.2%
Japanese
1.2%
Sinhalese
10%
Which language has crossed the Rainbow Bridge? Eteocypriot
60.7%
Gujarati
7.1%
Dutch
1.5%
Xhosa
13.2%
Which language has passed away? Gaulish
56.4%
Basque
5.7%
Scots
7%
Yoruba
14.4%
Which language is pushing up the daisies? Sumerian
55.7%
Azerbaijani
3.4%
Igbo
22%
Nepali
2.2%
Which language has snuffed it? Eteocretan
55.4%
Assamese
13.9%
Bhojpuri
11.3%
Ukrainian
1.5%
Which language has kicked the bucket? Punic
55.3%
Arabic
1.5%
Eastern Min
18.2%
Shona
9.7%
Which language gave up the ghost? Powhatan
51.2%
Occitan
28.6%
Urdu
5.5%
French
1.4%
Which language is sleeping with the fishes? Vandalic
51%
Ossetic
19.9%
Turkish
1.4%
Wu
10.1%
Which language bit the dust? Susquehannock
50.2%
Amharic
23.8%
Mossi
16.4%
Czech
2.4%
Which language is deceased? Shinnecock
46.5%
Greenlandic
21%
Picard
28.1%
English
1.3%
Which language is dead as a dodo? Moabite
46%
Latgalian
23.8%
Suba
9.9%
Javanese
8.7%
Which language has handed in its dinner pail? Lusitanian
45.1%
Zazaki
30%
Malaysian
2%
Khmer
8.7%
Which language has met its maker? Edomite
39.2%
Shark Bay
34.4%
Afrikaans
2.2%
Hakka
8.1%
Which language has shuffled off the mortal coil? Pictish
34.7%
Limburgish
11.2%
Kurdish
2.5%
Sporclish
34.5%
Which language is kaput? Noric
34.2%
Torlakian
38.2%
Sindhi
9.2%
Hausa
13.4%
Which language is wearing a pine overcoat? Zhang-Zhung
30.5%
Greek
3.6%
Chewa
41.7%
Zulu
6.2%

You're not logged in!

Compare scores with friends on all Sporcle quizzes.
OR
Log In

Sporcle TV

Today on Sporcle TV


Watch our educational content, quiz creation guides, and fun videos on Sporcle TV.

Show Comments

Extras

Top Quizzes Today


Score Distribution

Your Account Isn't Verified!

In order to create a playlist on Sporcle, you need to verify the email address you used during registration. Go to your Sporcle Settings to finish the process.

Report this User

Report this user for behavior that violates our Community Guidelines.

Details: